000 00449pab a2200169 454500
008 180718b2000 xxu||||| |||| 00| 0 eng d
100 _aJain, D.K.
245 _aNutrient consumption pattern across occupation groups in different regions of India
260 _c2000
300 _ap.458-69
362 _aDec
650 _aNutrients - India
650 _aNutrients
700 _aSharma, A.K.
773 _aAsian Economic Review
909 _a47388
999 _c47388
_d47388